|
|
|
|
| LEADER |
00787nam a22002532a 4500 |
| 001 |
000954430 |
| 003 |
CZ BrMZK |
| 005 |
20130702113414.0 |
| 007 |
ta |
| 008 |
090710s1963 xr er|||||||||||cze d |
| 015 |
|
|
|a cnb000520181
|
| 035 |
|
|
|a (OCoLC)85344881
|
| 040 |
|
|
|a ABA001
|b cze
|d BOA001
|
| 080 |
9 |
|
|a 334.5(022)
|
| 100 |
1 |
|
|a Šorm, Vladimír
|7 jx20041103038
|4 aut
|
| 245 |
1 |
0 |
|a Společenská úloha spotřebního družstevnictví /
|c Vladimír Šorm, Jindřich Ulrich
|
| 250 |
|
|
|a 1. vyd.
|
| 260 |
|
|
|a Praha :
|b Svépomoc,
|c 1963
|
| 300 |
|
|
|a 108 s. ;
|c 8°
|
| 700 |
1 |
|
|a Ulrich, Jindřich,
|d 1950-
|7 xx0076611
|4 aut
|
| 910 |
|
|
|a BOA001
|b 1-0504.026
|
| 990 |
|
|
|a BK
|
| 991 |
|
|
|b 200907
|
| 996 |
6 |
|
|b 2619447220
|c 1-0504.026
|l MZK
|r Sklad / do 1 hodiny
|n 0
|w 001086348
|u 000010
|a 1
|e BOA001
|j MZK50
|s P
|